Пропуск в контексте

Практический курс второго иностранного языка. Французский язык Учебное пособие

Учебное пособие составлено согласно программе дисциплины «Практический курс второго иностранного языка. Французский язык». Соответствует требованиям федеральных государственных образовательных стандартов высшего образования последнего поколения. Предназначено для студентов 2-го курса очной формы обу...

Fuld beskrivelse

Сохранить в:
Bibliografiske detaljer
Hovedforfatter: Горбунова О.Ю
Format: Учебное пособие
Udgivelse:1
Serier:ЭБС
Online adgang:https://znanium.com/catalog/document?id=432075
https://znanium.com/cover/2084/2084610.jpg
Tags: Tilføj Tag
Ingen Tags, Vær først til at tagge denne postø!
LEADER 02570nam0a2200313 i 4500
001 RU\infra-m\znanium\bibl\2084610
003 https://znanium.com/catalog/document?id=432075
005 20250213000000.0
010 |a 978-5-16-111848-1  |b электр. издание 
100 |a 20250213d2023 m y0rusy0150 ca 
101 0 |a rus 
102 |a RU 
200 1 |a Практический курс второго иностранного языка. Французский язык  |e Учебное пособие  |f Тольяттинский государственный университет 
205 |a 1 
210 1 |a Москва  |c ООО "Научно-издательский центр ИНФРА-М"  |d 2023 
215 |a 124 с. 
225 1 |a ЭБС 
330 |a Учебное пособие составлено согласно программе дисциплины «Практический курс второго иностранного языка. Французский язык». Соответствует требованиям федеральных государственных образовательных стандартов высшего образования последнего поколения. Предназначено для студентов 2-го курса очной формы обучения обучающихся по направлениям подготовки 45.03.02 «Лингвистика» (профиль «Перевод и межкультурная коммуникация») 44.03.05 «Педагогическое образование» (профили «Английский язык» «Второй иностранный язык»). 
333 |a Профессиональное образование 
606 |a Филологические науки  |x Французский язык  |2 local 
608 |a Учебное пособие  |2 local 
675 |a 811.133.1(075.8)  |z rus 
686 |a 81.471.1я73  |2 rubbk 
686 |a 44.03.05  |2 okso 
686 |a 45.03.02  |2 okso 
700 1 |a Горбунова  |b О.Ю.  |g Ольга Юрьевна  |p Тольяттинский государственный университет 
801 0 |a RU  |b Общество с ограниченной ответственностью «ЗНАНИУМ»  |c 20230705  |2 rusmarc 
856 4 |a znanium.com  |m ebs_support@infra-m.ru  |n НИЦ ИНФРА-М  |u https://znanium.com/catalog/document?id=432075 
856 4 1 |a znanium.com  |d /cover/2084  |f 2084610.jpg  |q image/jpeg  |u https://znanium.com/cover/2084/2084610.jpg